Statistics for once upon a time cast members

Click here to take the quiz!

General Stats

  • This quiz has been taken 31 times
    (4 since last reset)
  • The average score is 17 of 102

Answer Stats

HintAnswer% Correct
snow whiteGinnifer Goodwin
100%
Emma SwanJennifer Morrison
100%
Regina Mills | The Evil QueenLana Parilla
100%
Killian JonesColin O'donoghue
67%
Graham/huntsmanJamie Dornan
67%
Henry millsJared Gilmore
67%
david/ charmingJosh Dallas
67%
ruby/redMeghan Ory
67%
Archie HopperRaphael Sbarge
67%
ZelenaRebecca Mader
67%
panRobbie Kay
67%
Rumplestiltskin/ mr goldRobert Carlyle
67%
Princess AuroraSarah Bolger
67%
Robin hoodsean Maguire
67%
jefferson/mad hatterSebastian Stan
67%
Youg snow WhiteBailee Madison
33%
CoraBarbara Hershey
33%
Dr whale/FrankensteinDavid Anders
33%
AugustEion Bailey
33%
annaElizabeth Lail
33%
IngridElizabeth Mitchell
33%
Belle French/ LaceyEmile De Ravin
33%
Sneezy/ Mr ClarkGabe Khouth
33%
elsaGeorgina Haig
33%
mulanJamie chung
33%
ArielJoanna Garcia
33%
blue fairyKeegan Connor Tracy
33%
arthurLiam Garrigan
33%
neal CassidyMichael raymond James
33%
Cruella De VilVictoria Smurfit
33%
teen EmmaAbby Ross
0%
Lily PageAgnes Bruckner
0%
King georgeAlan Dale
0%
King midasAlex Zahara
0%
meridaAmy Manson
0%
Abigail/ Kathryn NolanAnastasia Griffith
0%
Anita LucasAnnabeth Gish
0%
Liam JonesBernard Curry
0%
grannyBeverly Elliot
0%
NimueCaroline Ford
0%
blackbeardCharles Mesure
0%
MarionChristie Laing
0%
smeeChristopher Gauthier
0%
WalshChristopher Gorham
0%
DocDavid Avalon
0%
AladdinDeniz Akdeniz
0%
baelfireDylan Schmid
0%
MerlinElliot Knight
0%
sir Maurice/ Moe FrenchEric Keenleyside
0%
Greg MendellEthan Embry
0%
Young EvaEva Bourne
0%
captain nemoFaran Tahir
0%
Sleepy/ WalterFaustino Di Bauda
0%
Wendy darlingFreya Tingley
0%
Ruth ( charming mom)Gabrielle Rose
0%
Sidney GlassGiancarlo Esposito
0%
GideonGiles Matthey
0%
Prince EricGil mckinney
0%
HadesGreg Germann
0%
Dr JekyllHank Harris
0%
pinocchioJakob Davies
0%
Black FairyJamie Murray
0%
Little JohnJason Burkart
0%
cinderella/AshleyJessy Schram
0%
giunevereJoana Metrass
0%
herculesJonathon Whitesell
0%
Prince PhilipJulian Morris
0%
megaraKacey Rohl
0%
jasmineKaren David
0%
MaleficentKristin Bauer Van Straten
0%
grumpy/leroyLee Arenberg
0%
Young EmmaMckenna Grace
0%
ursulamerin Dungey
0%
HappyMichael Coleman
0%
Will ScarletMichael Socha
0%
BashfulMig Macario
0%
Young lilyNicole Munoz
0%
JafarOded Fehr
0%
VioletOlivia Steele Falconer
0%
felixParker Croft
0%
Isaac Heller/ AuthorPatrick Fischler
0%
milahRachel Shelley
0%
RolandRaphael Alejandro
0%
EvaRena Sofer
0%
King LeopoldRichard Schiff
0%
young CoraRose McGowan
0%
TinkRose McIver
0%
HydeSam Witwer
0%
Tiger LilySara Tomko
0%
kristoffScott Michael Foster
0%
King StefanSebastian Roche
0%
lancelotSinqua Walls
0%
TamaraSonequa Martin-Green
0%
dorothyTeri Reeves
0%
ApprenticeTimothy Webber
0%
sean/ThomasTim Phillipps
0%
Geppetto/ MarcoTony Amendola
0%
Henry Mills srTony Perez
0%
BeouwolfTorstein Bjoklund
0%
hansTyler Jacob Moore
0%
sheriff of NottinghamWill Traval
0%

Score Distribution

Percentile by Number Answered

Percent of People with Each Score

Your Score History

You have not taken this quiz since the last reset